• 首页
  • 本馆介绍
  • 公告通知
  • 最新文献
  • 馆藏检索
  • 电子资源
  • 读者荐购
  • 参考咨询
  • CALIS
  • 我的图书馆
  • 登录
  • 详细信息显示
  • 放入我的书架
  • 预约/预借图书
  • 作者相关作品
  • 分类相关作品
  • 丛书相关作品
  • 出版社相关作品

书目信息

  • 表格格式
  • 工作单格式
  • 卡片格式
题名:
电工基础
    
 
作者: 李梅 主编
分册:  
出版信息: 北京   机械工业出版社  2005.06
页数: 258页
开本: 26cm
丛书名:
单 册:
中图分类: TM1
科图分类:
主题词: 电工学--dian gong xue--高等教育--教材
电子资源:
ISBN: 7-111-16604-3
 
 
 
 
 
000 00833nam0 2200241 450
001 012006271987
005 20060920155445.10
010    @a7-111-16604-3@dCNY24.00
100    @a20060625d2005 km y0chiy0120 ea
101 0  @achi
102    @aCN@b110000
105    @aa a 000yy
200 1  @a电工基础@Adian gong ji chu@f李梅主编@Fli mei zhu bian
210    @a北京@c机械工业出版社@d2005.06
215    @a258页@c图@d26cm
300    @a教育部高等职业教育示范专业规划教材(电气工程及自动化类专业)
320    @a有书目 (第259页)。
330    @a本书内容包括:电路的基本概念和基本定律、电路的等效变换、线性电路的基本分析方法和定理、一阶动态电路的过渡过程和正弦交流电路等。
606 0  @a电工学@Adian gong xue@x高等教育@j教材
690    @aTM1@v4
701  0 @a李梅@Ali mei@4主编
801  0 @aCN@bQSSK@c20060920
905    @a10447@dTM1@eL213
    
    电工基础/李梅主编.-北京:机械工业出版社,2005.06
    258页:图;26cm
    教育部高等职业教育示范专业规划教材(电气工程及自动化类专业)
    
    ISBN 7-111-16604-3:CNY24.00
    本书内容包括:电路的基本概念和基本定律、电路的等效变换、线性电路的基本分析方法和定理、一阶动态电路的过渡过程和正弦交流电路等。
●
相关链接 在E读中查询图书 在当当中查询图书 在豆瓣中查询图书


正题名:电工基础     索取号:TM1/L213         预约/预借

序号 登录号 条形码 馆藏地/架位号 状态 备注
1 591796   205917962   自科库301/301自科库 6排3列4层/ [索取号:TM1/L213] 在馆    
2 591797   205917971   自科二线404/404自科库 17排3列6层/ [索取号:TM1/L213] 在馆    
3 591798   205917980   自科库301/301自科库 6排3列4层/ [索取号:TM1/L213] 在馆    
河南城建学院图书馆 欢迎您!
大连网信软件有限公司© 版权所有